00582nam a22002177a 450000500170000001000130001702000100003003500130004003700160005304000120006908200130008110000260009424500690012025000120018926000420020127000330024330000330027650000190030965000220032865000140035020170124110028.0 aA-117772 c00.00 aA-117772 bCen Lib/Ret aDPLbEN a541bADA aAdam, Neil Kensington aThe physics and chemistry of surfaces /cby Neil Kensington Adam a3rd ed. bOxford University Pressc1938aLondon bNew YorkaAmen House, E.C..4 axii, 436p. :c21cm(Hb)bill. aIncludes index aMolecular theory. aSurfaces.